[Event "22nd Hogeschool Zeeland 2018"]
[Site "Vlissingen"]
[Date "2018.08.08"]
[Round "6"]
[White "Van Baar, Esper"]
[Black "Chanda, Sandipan"]
[Result "1/2-1/2"]
[WhiteElo "2241"]
[BlackElo "2554"]
[Annotator "TA"]
[PlyCount "62"]
[EventDate "2018.08.04"]
[EventType "swiss"]
[EventCountry "NED"]
[SourceTitle "playchess.com"]
[Source "ChessBase"]
[SourceQuality "1"]

{[%evp 14,62,21,8,31,38,41,41,59,55,60,60,66,60,70,50,92,96,102,83,102,107,129,129,131,144,180,72,127,37,30,40,57,62,65,14,64,67,62,70,95,102,100,92,99,92,93,0,0,0,0]} 1. e4 {Blatny,P} c6 2. d4 d5 3. e5 c5 4. dxc5 e6 5. Be3 Qc7 6. Nf3 {B12: Caro-Kann (Vorstoß-Variante)} (6. Nc3 Qxe5 7. Nf3 Qc7 8. Nb5 Qd8 9. Bf4 Na6 10. Qd4 f6 11. Nd6+ Bxd6 12. Bxd6 Nh6 13. Qa4+ Bd7 {1-0 (44) Rizouk,A (2532)-Barrero Garcia,C (2421) Seville 2010}) 6... Bxc5 7. Bxc5 Qxc5 8. c3 {LiveBook: 4 Partien} Ne7 9. Bd3 Qc7 10. O-O Nbc6 11. Re1 Ng6 $146 ({Vorgänger:} 11... h6 12. Na3 a6 13. Qe2 Bd7 {1-0 (27) Rosito,J (2340)-Gomez Baillo,J (2420) Argentina 1995 CBM 049 [Blatny,P]}) 12. Bxg6 hxg6 13. Na3 {[%cal Bb1a3,Ba3c2,Bc2d4][%mdl 32]} a6 14. c4 Ne7 15. Rc1 Qd8 16. Qb3 Rb8 17. cxd5 exd5 18. Nc2 Be6 19. Ncd4 {Schwarz muss nun Sg5 beachten.} Nf5 20. Rc3 (20. Nxe6 $18 {ist viel giftiger.} fxe6 21. Qb4) 20... O-O (20... Nxd4 $142 21. Nxd4 O-O) 21. Rec1 (21. Nxe6 $16 fxe6 22. Qb4) 21... Nxd4 $14 22. Nxd4 Qh4 23. Qb6 Rfe8 24. Rc7 (24. g3 $14 Qh5 25. Nxe6 fxe6 26. Re1) 24... Qf4 25. Re1 ({Bitte nicht} 25. Nxe6 Qxe5 26. g3 (26. Rxb7 Rbc8 $11) 26... Rxe6 $11) 25... Bg4 26. h3 $1 $36 {[%cal Rh3g4][%mdl 2048] Weiss hat Druck.} Rxe5 27. Rxe5 Qxe5 28. hxg4 {Und Sf3 würde nun gewinnen.} Qe1+ 29. Kh2 Qxf2 {[#]} 30. Qc5 ({Lieber} 30. Rc3 $1 $16) 30... Qh4+ $11 31. Kg1 {Droht stark Sf3.} Qe1+ {Precision: Weiß = 49%, Schwarz = 43%.} 1/2-1/2

[Event "22nd Hogeschool Zeeland 2018"]
[Site "Vlissingen"]
[Date "2018.08.08"]
[Round "6"]
[White "De Waele, Warre"]
[Black "Zeng, Chongsheng"]
[Result "0-1"]
[WhiteElo "2237"]
[BlackElo "2539"]
[Annotator "TA"]
[PlyCount "66"]
[EventDate "2018.08.04"]
[EventType "swiss"]
[EventCountry "NED"]
[SourceTitle "playchess.com"]
[Source "ChessBase"]
[SourceQuality "1"]

{[%evp 18,66,17,17,25,30,63,0,55,45,40,29,28,16,32,12,11,0,0,-50,-45,-47,-55,-68,-62,-89,-89,-94,-71,-77,-71,-88,-71,-86,-75,-174,-167,-293,-281,-341,-331,-264,-90,-361,-308,-450,-437,-494,-448,-733,-715]} 1. d4 Nf6 2. c4 g6 3. Nf3 Bg7 4. g3 O-O 5. Bg2 d5 6. cxd5 Nxd5 7. O-O Nb6 8. Nc3 Nc6 9. e3 Re8 10. Nh4 {LiveBook: 84 Games. D76: Fianchetto Grünfeld: Main Line with 7...Nb6} (10. a3 a5 11. Qc2 a4 12. Rd1 Be6 13. d5 Nxd5 14. Ng5 Bf5 15. e4 Nxc3 16. Rxd8 Rexd8 17. bxc3 Bd7 {1-0 (29) Hammer,J (2631)-Hansen,E (2629) chess.com INT 2018}) 10... Na5 11. f4 Be6 $146 ({Predecessor:} 11... c5 12. dxc5 Bxc3 13. bxc3 Qxd1 14. Rxd1 Na4 15. Rd4 Nxc3 16. Rd3 Ne2+ 17. Kf2 Nxc1 18. Rxc1 {1-0 (81) Minko,V (2226)-Valdes Romero,L (2396) Barcelona 2015}) 12. Nf3 (12. Qc2 $14) 12... Qc8 ({Black should try} 12... c5 $1 $11) 13. Ne4 Bd5 14. Nc5 Nd7 15. Nxd7 Qxd7 16. Qc2 f5 17. Bd2 Nc4 18. Ne5 Bxe5 $1 19. fxe5 Bxg2 20. Qxc4+ Bd5 {[%cal Bg2d5,Bd5b7,Bb7e4][%mdl 32]} 21. Qb4 b6 22. a3 Kg7 23. Rac1 Rac8 24. Qc3 Qe6 25. Qd3 Bb7 26. Qb5 {[#]} (26. Rfe1 $17) 26... c5 $1 $19 {[%mdl 512] Hoping for ...Qd5.} 27. e4 (27. Kf2 $142) (27. dxc5 Qd5) 27... Bxe4 ({Resist} 27... cxd4 28. exf5 gxf5 29. Kf2 $19) 28. dxc5 Red8 29. Rf2 bxc5 $2 (29... Ba8 $19 {and Black stays clearly on top. aiming for ...Qd5.} 30. h3 Qd5) 30. Qe2 $2 {[%mdl 8192] [#]} (30. Rxc5 $17 Rd3 31. Rxc8 Qxc8 32. Qb4) 30... Rd3 ({Not} 30... Qxe5 31. Bc3 $11) 31. Bc3 (31. Rc3 $142 Rcd8 32. Rxd3 Rxd3 33. g4) 31... Rcd8 {Black is clearly winning.} 32. Rff1 c4 33. Rcd1 (33. Ba5 $142 Rc8 34. Be1) 33... Qb6+ {Precision: White = 25%, Black = 47%.} 0-1

[Event "22nd Hogeschool Zeeland 2018"]
[Site "Vlissingen"]
[Date "2018.08.08"]
[Round "6"]
[White "Lopez Rojas, Jeffrey"]
[Black "Hausrath, Daniel"]
[Result "0-1"]
[WhiteElo "2156"]
[BlackElo "2502"]
[Annotator "TA"]
[PlyCount "64"]
[EventDate "2018.08.04"]
[EventType "swiss"]
[EventCountry "NED"]
[SourceTitle "playchess.com"]
[Source "ChessBase"]
[SourceQuality "1"]

{[%evp 11,64,0,5,-25,-25,-25,-29,-31,-30,-30,-30,-33,-22,-23,-20,-23,-22,-30,-11,-31,-17,-16,-23,-27,-27,-39,-11,-35,-32,-52,-7,-43,-28,-31,-18,-18,2,0,0,-37,-40,-55,-27,-112,-105,-162,-169,-317,-306,-348,-339,-343,-342,-335,-329]} 1. d4 g6 2. c4 Bg7 3. g3 c5 (3... Nf6 4. Bg2 d5 5. cxd5 Nxd5 6. Nf3 c5 7. e4 Nf6 8. e5 Nfd7 9. e6 fxe6 10. Ng5 Nf6 11. dxc5 Qxd1+ 12. Kxd1 O-O 13. Ke2 Na6 14. Nc3 {½-½ (27) Ding,L (2777)-Li,C (2732) Riadh 2017}) 4. d5 d6 5. Bg2 b5 6. Nf3 {A40: Verschiedene (seltene) Antworten auf 1.d4} bxc4 {LiveBook: 3 Partien} 7. O-O Nd7 {[%cal Bb8d7,Bd7b6,Bb6c4][%mdl 32]} 8. Nfd2 {Schwarz hat minimalen Vorteil.} Nb6 9. Nxc4 Nxc4 10. Qa4+ Qd7 $146 ({Vorgänger:} 10... Bd7 11. Qxc4 Rb8 12. Qc2 Nf6 13. Bd2 {½-½ (43) Csom,I (2510)-Garcia Martinez,S (2450) Baku (Azerbaijan) 1980}) 11. Qxc4 Rb8 12. Nc3 Rb6 13. Qd3 Nf6 14. h3 O-O 15. Re1 Qc7 16. Qc2 Bd7 17. e4 Rfb8 18. Bf1 Ne8 19. Kh2 Qc8 20. b3 Nc7 21. Bb2 a5 22. Rab1 Qf8 23. Bc4 Ne8 {[%cal Bc7e8,Be8f6,Bf6g4,Bg4e3][%mdl 32]} 24. f4 Bd4 25. Na4 Qh6 {[%csl Gd7][%cal Rh6h3] [#]} 26. Bf1 Rb4 (26... Bxa4 $5 27. Bxd4 Bxb3 28. Rxb3 Rxb3 29. axb3 cxd4 $15) 27. Bc3 (27. Bxd4 $11 Rxd4 28. Nc3) 27... Nf6 $17 28. Bxd4 (28. h4 $17) 28... cxd4 $19 {[%cal Bc5d4,Bd4e3][%mdl 32]} 29. h4 (29. Nb2 $142) 29... Ng4+ {Schwarz hat entscheidenden Vorteil.} 30. Kg1 Ne3 31. Rxe3 dxe3 32. Nb2 Qg7 {Precision: Weiß = 36%, Schwarz = 57%.} 0-1

[Event "22nd Hogeschool Zeeland 2018"]
[Site "Vlissingen"]
[Date "2018.08.08"]
[Round "6"]
[White "Merbis, Max"]
[Black "Ravi, Teja Sanka"]
[Result "0-1"]
[WhiteElo "2136"]
[BlackElo "2374"]
[Annotator "TA"]
[PlyCount "132"]
[EventDate "2018.08.04"]
[EventType "swiss"]
[EventCountry "NED"]
[SourceTitle "playchess.com"]
[Source "ChessBase"]
[SourceQuality "1"]

{[%evp 16,132,34,12,67,0,1,-15,15,29,23,-24,-14,-86,-64,-72,0,0,-6,-43,-20,0,-7,-131,-118,-112,-54,-93,-88,-92,-79,-78,-56,-51,-43,-50,-16,-95,-72,-102,-94,-94,-96,-98,-98,-145,-78,-81,-40,-29,0,0,21,38,72,51,51,51,45,45,34,9,49,0,0,0,0,0,0,0,0,0,0,0,36,26,19,0,0,0,-2,-856,-832,-1405,-1255,-1852,-1822,-1614,-104,-104,-106,-111,-111,-111,-139,-112,-40,-172,0,0,-7,-7,0,0,0,0,0,0,0,0,0,0,0,-473,-430,-1792,-1760,-1514,-732]} 1. d4 d5 2. c4 c6 3. Nf3 Nf6 4. e3 Bf5 5. Nc3 e6 6. Nh4 Be4 7. f3 Bg6 {D12: Slav Defence: 3 Nf3 Nf6 4 e3 Bf5} 8. g3 (8. Qb3 Qc7 9. Bd2 Be7 10. g3 Nbd7 11. cxd5 exd5 12. O-O-O a5 13. Nxg6 hxg6 14. Qc2 a4 15. e4 a3 16. e5 axb2+ {0-1 (59) Le,Q (2737)-Mamedov,R (2709) Huaian 2017}) 8... Nbd7 9. Qb3 {LiveBook: 4 Games} Rb8 (9... Qb6 $11) 10. Kf2 ({Better is} 10. cxd5 $14 Nxd5 11. e4 Nxc3 12. Nxg6 hxg6 13. bxc3) 10... Bd6 11. Bd2 Bh5 $146 ({Predecessor:} 11... O-O 12. Nxg6 hxg6 13. Rc1 Qe7 14. Bd3 dxc4 15. Bxc4 {½-½ (40) Zawadzki,S (2431)-Jaracz,P (2481) Poland 2016}) 12. cxd5 $1 cxd5 13. Bd3 a6 14. a4 (14. Ng2 $11) 14... g5 $1 $17 {[%cal Rg5h4]} 15. Ng2 g4 ({Black should play} 15... Bg6 $1 $17 {[%cal Rg6d3]} 16. Be2 Rg8) 16. f4 $11 Bg6 17. Qc2 (17. f5 $5 exf5 18. Rac1 $11 (18. Nxd5 Nxd5 19. Qxd5 Nc5 $15)) 17... Rc8 18. f5 exf5 19. Nf4 (19. Rhf1 $11 {remains equal.}) 19... Bxf4 20. exf4 Qb6 (20... Ne4+ $17 21. Bxe4 fxe4) 21. Be3 O-O 22. Kg2 Rfe8 23. Rhe1 Ne4 24. a5 Qd6 25. Qb3 Ndf6 26. Na4 (26. Bxe4 $11 fxe4 27. Ra4) 26... Re7 27. Re2 Rce8 {aiming for ...Nxg3!} 28. Rae1 h5 29. Nb6 {[#]} h4 $1 {[%mdl 512]} 30. Bf2 (30. gxh4 Kg7) 30... h3+ (30... hxg3 $142 31. hxg3 Kg7) 31. Kf1 $17 Nxf2 32. Kxf2 Ne4+ 33. Bxe4 $1 dxe4 34. Ke3 Rd8 {[%csl Gd8][%cal Rd6d4]} 35. Rd1 $1 Rc7 36. Rc2 $1 Rxc2 37. Qxc2 f6 38. Qc3 {[%mdl 1024] White has compensation.} Bf7 39. Rc1 (39. d5 $5) 39... Kg7 40. Qc5 Qe6 41. Qa3 Qe8 42. Rc5 Kg6 43. Qc3 Rd6 44. d5 Qd8 {[%cal Rf7d5]} 45. Rc8 Qe7 46. Qc5 {[#] And now Rh8 would win.} Bxd5 $1 {[%mdl 512]} 47. Nxd5 Qd7 $36 {[%mdl 2048] Black is more active.} (47... Qe6 $5 48. Nc3 $8 Rd3+ 49. Ke2 Qb3 $11) 48. Nb4 $2 {[%mdl 8192]} (48. Nc3 $11) 48... Rd1 $1 $19 {[%csl Gd1][%cal Rd7d2]} 49. Qc3 Rf1 {...Qd1 is the strong threat.} 50. Rg8+ Kh7 51. Rh8+ Kg7 $2 (51... Kxh8 $19 52. Qxf6+ Kh7 53. Qh4+ Kg8 54. Qg5+ Kf7 55. Qh5+ Ke7 56. Qh7+ Kd6 57. Qh6+ Kc5 58. Qb6+ Kc4 59. b3+ Kc3 60. Qc5+ Kxb3) 52. Rg8+ $17 Kxg8 {[%mdl 4096] Endgame KQR-KQN} 53. Qc4+ Qf7 54. Qxf1 {Hoping for Kd4.} Qb3+ 55. Nd3 Kf7 ({Don't play} 55... Qxd3+ $6 56. Qxd3 exd3 57. Kxd3 $11) (55... b5 $1 $17 {Threatens to win with ...Kf8.} 56. axb6 Qxb6+ 57. Kd2 exd3 58. Qxd3 Qxb2+ 59. Ke3 Qb6+ 60. Kd2 Qe6) 56. Kd4 {[#]} (56. Qe2 $15) 56... exd3 $2 (56... Qb5 $1 $19 57. b4 Ke7) 57. Qxd3 $11 Qxb2+ $19 {KQ-KQ} 58. Kc5 $1 Qf2+ 59. Kd6 $1 Qxh2 60. Qb3+ Kg7 61. Qxb7+ Kg6 62. Qd5 Kg7 63. Qb7+ $1 Kh6 64. Qf7 $2 {[%mdl 8192] [#]} (64. Qc8 $1 $11) 64... Qd2+ $1 {Black is clearly winning.} 65. Kc7 (65. Ke7 $142 Qb4+ 66. Kxf6 Qd6+ 67. Kxf5) 65... Qxa5+ 66. Kc8 Qc5+ {Precision: White = 38%, Black = 52%.} 0-1

[Event "22nd Hogeschool Zeeland 2018"]
[Site "Vlissingen"]
[Date "2018.08.08"]
[Round "6"]
[White "Coenen, Eduard"]
[Black "Bezemer, Arno J"]
[Result "1-0"]
[WhiteElo "2118"]
[BlackElo "2295"]
[Annotator "TA"]
[PlyCount "109"]
[EventDate "2018.08.04"]
[EventType "swiss"]
[EventCountry "NED"]
[SourceTitle "playchess.com"]
[Source "ChessBase"]
[SourceQuality "1"]

{[%evp 19,109,-8,-8,-39,-12,-22,-4,-4,-3,-8,-5,-12,-12,-17,-12,-8,-14,-46,-42,-53,-43,-46,-22,-76,-64,-72,-67,-55,-31,-75,-56,-81,-70,-124,-129,-159,-169,-145,-74,-85,-49,-70,-69,-49,0,0,0,0,0,0,0,0,103,116,172,166,167,172,174,170,164,166,163,164,162,68,74,30,30,32,32,0,0,0,86,86,86,86,86,86,86,86,86,8,129,129,4400,3450,2306,1808,29985,29986]} 1. d4 Nf6 2. Bf4 d5 3. e3 c5 4. c3 Nc6 5. Nf3 Qb6 6. Qb3 c4 7. Qc2 Bf5 8. Qc1 e6 9. Nbd2 h6 {D02: Damenbauernspiele} 10. Be2 Be7 {LiveBook: 34 Partien} (10... Qd8 11. b3 b5 12. a4 a6 13. O-O Be7 14. axb5 axb5 15. Rxa8 Qxa8 16. bxc4 bxc4 17. Qb2 {½-½ (47) Gabuzyan,H (2571)-Petrosyan,M (2570) Yerevan 2018}) 11. Bd1 (11. O-O {feels hotter.} O-O 12. h3 Qd8 13. Bd1 b5 14. Bc2) 11... O-O {Schwarz steht etwas besser.} 12. Bc2 Bxc2 $146 ({Vorgänger:} 12... Qd8 13. Qb1 Qd7 14. e4 Bh7 15. e5 Bxc2 16. Qxc2 Nh7 {½-½ (51) Shaker,M (1726)-Davila Blanco,J (1904) Baku 2016}) 13. Qxc2 Qd8 14. e4 b5 15. Ne5 Nxe5 16. Bxe5 dxe4 17. Bxf6 Bxf6 18. Qxe4 {[#]} e5 $1 {[%mdl 512]} 19. d5 (19. dxe5 Bxe5) 19... Bg5 20. O-O-O Qd6 $36 {[%mdl 2048] Schwarz steht aktiver.} 21. Kb1 (21. h4 $11 f5 22. Qe2) 21... f5 $17 22. Qc2 Qxd5 23. Nf3 Qc6 24. Rhe1 e4 25. Nxg5 hxg5 26. Rd4 (26. Qd2 $15) 26... Rad8 27. Red1 Rxd4 28. Rxd4 {[%mdl 4096] Endspiel KDT-KDT} Qc7 (28... Re8 $142 29. b3 f4 30. bxc4 bxc4) 29. a4 a6 30. Qd2 Qf4 31. Kc2 Qxd2+ 32. Kxd2 $15 {KT-KT} Rb8 33. a5 Kf7 34. Rd7+ Kf6 35. Rd6+ Ke5 (35... Ke7 $1 $11 {hält das Gleichgewicht.} 36. Rxa6 Rd8+ 37. Ke2 Rd6 38. Ra7+ Rd7) 36. Rxa6 $16 f4 (36... b4 $16) 37. Rg6 $18 b4 38. Rxg5+ (38. Rxg7 bxc3+ 39. Kxc3 e3) 38... Kf6 39. Rc5 bxc3+ 40. Kxc3 Rb3+ 41. Kc2 Rb4 42. g4 ({Günstiger ist} 42. Rc6+ $18 Ke5 43. Rc7) 42... g6 $1 $14 43. h4 e3 44. fxe3 fxe3 45. g5+ Ke6 46. Rc6+ Ke7 (46... Kd5 $6 47. Rc8 $16 (47. Rxg6 $2 Rxb2+ 48. Kd1 Rb1+ 49. Ke2 c3 $19)) (46... Kd7 $11 47. Rc5 (47. Rxg6 Rxb2+ 48. Kd1 Rd2+ 49. Ke1 c3 $19) 47... Kd6) 47. Kd1 $1 $16 {[%cal Rd1e2]} ({Schwächer ist} 47. Rxg6 Rxb2+ 48. Kd1 (48. Kxb2 $2 {zu gefräßig.} e2 $19) 48... c3 $19) 47... Rxb2 48. Rxc4 {Und Ta4 würde nun gewinnen.} ({Nicht} 48. Rxg6 c3 $17) 48... Ra2 49. Rc6 {Droht a6 und aus.} Rxa5 50. Rxg6 {Und weiter mit Ke2 wäre nett.} Ra2 51. Rf6 ({Besser ist} 51. h5 $16) 51... Rh2 {[#]} (51... Ra4 $11 {bleibt in der Remisbreite.}) 52. Rf4 $1 {Schwarz muss nun g6 beachten.} Ke6 $2 {[%mdl 8192] [#]} (52... Rg2 $16) 53. g6 $1 $18 {[%cal Bg5g6,Bg6g7][%mdl 32]} Ke7 54. Ke1 Ke8 55. g7 {Precision: Weiß = 53%, Schwarz = 50%.} 1-0

[Event "22nd Hogeschool Zeeland 2018"]
[Site "Vlissingen"]
[Date "2018.08.09"]
[Round "7"]
[White "Iturrizaga Bonelli, Eduardo"]
[Black "Warmerdam, Max"]
[Result "1-0"]
[WhiteElo "2640"]
[BlackElo "2421"]
[Annotator "TA"]
[PlyCount "81"]
[EventDate "2018.08.04"]
[EventType "swiss"]
[EventCountry "NED"]
[SourceTitle "playchess.com"]
[Source "ChessBase"]
[SourceQuality "1"]

{[%evp 18,81,37,35,34,47,44,37,44,45,54,37,37,38,37,32,34,29,31,27,39,21,28,23,64,27,41,46,42,0,14,13,21,10,17,24,24,22,16,0,25,17,18,0,0,0,0,0,0,0,0,0,0,0,189,210,1425,1404,1356,1323,1243,1222,1168,1108,1041,1076]} 1. c4 {Roiz,M} Nf6 2. g3 g6 3. Bg2 Bg7 4. Nc3 O-O 5. d4 c5 6. Nf3 cxd4 7. Nxd4 Qc7 {E60: King's Indian: Unusual lines and Fianchetto Variation without Nc3} (7... Nc6 8. O-O Qa5 9. Nb3 Qh5 10. c5 a5 11. e3 a4 12. Nd4 Qxc5 13. Nxa4 Qa5 14. b3 e5 15. Bd2 Qa6 16. Nc5 Qa7 17. Nxc6 dxc6 {0-1 (70) Fedoseev,V (2718)-Svidler,P (2765) St Petersburg 2017}) 8. Qd3 Nc6 9. O-O Ne5 10. Qe3 $1 {LiveBook: 4 Games} a6 $146 ({Predecessor:} 10... Nfg4 11. Qf4 d6 12. b3 Nc6 13. Bxc6 bxc6 {½-½ (33) Roiz,M (2595)-Sutovsky,E (2619) Israel 2015 CBM 166 [Roiz,M]}) 11. b3 d6 12. Bb2 Bd7 13. Rac1 Rfe8 14. Nd5 Nxd5 15. cxd5 Qb6 16. h3 Rec8 17. Rb1 Be8 18. Rfd1 Qd8 19. f4 Nd7 20. g4 Rc5 21. Bf3 Nb6 22. Qd2 $1 a5 ({Don't go for} 22... Nxd5 $2 23. b4 $18) 23. Ba3 Rcc8 24. h4 a4 {And now ...axb3 would win.} 25. Bb4 axb3 26. axb3 Nd7 27. h5 Qb6 {Strongly threatening ...Ra2!} 28. Kg2 Nc5 29. hxg6 hxg6 30. f5 {[#]} g5 $1 {[%mdl 512]} 31. Bc3 (31. Qxg5 Qxb4) 31... Nd7 32. Ra1 Rxa1 33. Bxa1 {Ne6! is the strong threat.} Bf6 34. Rh1 Ne5 35. Rh5 Nxf3 $2 (35... Kf8 $11 {and Black has nothing to worry.}) 36. exf3 $18 Qc5 $2 {[#]} (36... Qa6 37. Bb2 Qa2) 37. Nc6 $1 {[%mdl 512] White is clearly winning.} Bxc6 {[#]} (37... bxc6 38. Qxg5+) 38. Qxg5+ $1 {[%mdl 512]} Kf8 (38... Bxg5 39. Rh8#) 39. Bxf6 {[%cal Rh5h8]} Ke8 40. Qg8+ Kd7 41. dxc6+ {Precision: White = 67%, Black = 68%.} 1-0

[Event "22nd Hogeschool Zeeland 2018"]
[Site "Vlissingen"]
[Date "2018.08.09"]
[Round "7"]
[White "Chanda, Sandipan"]
[Black "Elgersma, Onno"]
[Result "1-0"]
[WhiteElo "2554"]
[BlackElo "2171"]
[Annotator "TA"]
[PlyCount "93"]
[EventDate "2018.08.04"]
[EventType "swiss"]
[EventCountry "NED"]
[SourceTitle "playchess.com"]
[Source "ChessBase"]
[SourceQuality "1"]

{[%evp 15,93,16,26,20,27,25,27,24,29,31,31,23,37,44,47,55,56,56,59,54,55,50,105,106,168,144,138,134,139,139,137,86,131,77,91,76,76,76,76,81,85,58,28,0,0,0,0,0,0,0,0,0,12,20,374,335,504,533,507,507,691,652,1098,1084,1148,1134,2487,2459,3143,2097,12840,12839,12841,12841,12843,12843,12845,12845,12845,12846]} 1. d4 Nf6 2. c4 e6 3. Nc3 Bb4 4. e3 O-O 5. Bd2 b6 6. Nf3 Bb7 7. Bd3 d6 8. O-O Nbd7 {LiveBook: 10 Games. E21: Nimzo-Indian: 4 Nf3} 9. b3 Qe7 10. a3 Bxc3 $1 {White has an edge.} 11. Bxc3 Ne4 12. Bb2 f5 13. Nd2 $146 ({Predecessor:} 13. Qc2 Rae8 14. Nd2 Nxd2 15. Qxd2 e5 16. d5 e4 17. Be2 Ne5 18. a4 a5 19. b4 axb4 20. Qxb4 Ba6 21. Bd4 {½-½ (41) Moriana Garcia,J-Borisenkov,D (2478) ICCF email 2001}) 13... Nxd2 14. Qxd2 Rf6 15. f3 Re8 16. b4 e5 17. d5 Ref8 18. a4 Qf7 ({Better is} 18... a5 $14) 19. a5 f4 (19... a6 $16 {might work better.} 20. Bc3 Qe7) 20. axb6 axb6 21. Ra7 Rb8 22. exf4 Rxf4 23. Qe2 (23. Qc2 $142 Qh5 24. Bc1) 23... b5 24. Bc1 (24. cxb5 $142 Rxb4 25. Ba3) 24... bxc4 $16 25. Be4 Nb6 26. Bxf4 exf4 27. Re1 g6 28. Bb1 Bxd5 29. Qe7 Qxe7 $1 30. Rxe7 Nc8 $1 {[%csl LRa7,LRb4,LRe7]} 31. Re8+ Kf7 32. Rh8 Nxa7 33. Rxb8 $11 {[%mdl 4096] Endgame KRB-KBN} Nc6 34. Rb7 Ke7 $2 {[%mdl 8192] [#]} (34... Ke6 $11 {and Black stays safe.}) 35. b5 $1 $18 {[%cal Rb5c6,Bb4b5,Bb5b6][%mdl 32]} Nd4 (35... Ne5 $142 36. Rxc7+ Nd7) 36. Rxc7+ {White is clearly winning.} Kd8 37. b6 c3 38. Rxh7 Kc8 39. Bxg6 Kb8 40. h4 {[%cal Bh2h4,Bh4h5,Bh5h6][%mdl 32]} c2 {[#]} 41. Bxc2 $1 Nxc2 42. h5 Bc4 43. h6 Bd3 44. Rd7 Ne3 45. Rxd6 Bc2 46. Rd7 Nc4 47. Rc7 {Precision: White = 76%, Black = 33%.} 1-0

[Event "22nd Hogeschool Zeeland 2018"]
[Site "Vlissingen"]
[Date "2018.08.09"]
[Round "7"]
[White "Ikonnikov, Vyacheslav"]
[Black "Grooten, Herman"]
[Result "1-0"]
[WhiteElo "2546"]
[BlackElo "2374"]
[Annotator "TA"]
[PlyCount "167"]
[EventDate "2018.08.04"]
[EventType "swiss"]
[EventCountry "NED"]
[SourceTitle "playchess.com"]
[Source "ChessBase"]
[SourceQuality "1"]

{[%evp 23,167,6,30,25,23,0,0,0,18,0,0,0,0,0,23,10,33,16,48,39,25,-26,78,53,62,0,0,-9,33,14,13,6,19,24,8,0,0,0,-19,-75,-10,-1,16,0,0,0,0,0,0,0,0,0,0,0,6,0,0,0,8,0,0,0,4,4,8,0,0,0,0,0,15,14,15,6,13,14,12,15,8,0,10,7,245,246,254,244,317,269,724,709,621,556,1366,1250,12835,12835,12836,12836,12837,12839,12839,12839,12840,12839,12840,12840,12841,12841,12841,12842,12842,12843,12843,12843,12844,12843,12844,12843,12844,12844,12845,12845,12845,12846,12847,12847,12848,12848,12849,12849,12851,29985,12851,29983,12851,29986,12851,29987,12851,29988,12851,29989,12851,29990,12851,29994]} 1. d4 Nf6 2. Nf3 e6 3. c4 b6 4. g3 Ba6 5. b3 Bb4+ 6. Bd2 Be7 7. Nc3 d5 8. cxd5 exd5 9. Bg2 O-O 10. O-O Bb7 11. Qc2 Na6 12. Bf4 Qc8 {LiveBook: 10 Games. E15: Queen's Indian: 4 g3 sidelines, 4 g3 Ba6 and 4 g3 Bb7 early deviations} 13. a3 (13. Rfd1 Rd8 14. Ng5 Qd7 15. Be5 g6 16. Bh3 Qe8 17. Qc1 c5 18. a4 Nh5 19. Ne6 Bc8 20. Nxd8 Bxh3 21. Nb7 {½-½ (35) Kramnik,V (2785)-Ivanchuk,V (2787) Moscow 2007}) 13... c5 14. Qb2 $146 ({Predecessor:} 14. Rfd1 Rd8 15. Rac1 Nc7 16. Ng5 Ne6 17. Bh3 cxd4 18. Bxe6 fxe6 19. Nb5 Qxc2 20. Rxc2 Rac8 21. Rc7 Rxc7 22. Nxc7 e5 23. Bxe5 Nd7 24. Bf4 d3 25. exd3 Rc8 26. h4 h6 {0-1 (26) Kamanel del Corral,J (2224)-Pecka,J (2398) ICCF email 2013}) 14... Rd8 {The position is equal.} 15. Rac1 Qe6 16. Ng5 Qd7 17. Bh3 Qe8 18. Nf3 Ne4 19. Rfd1 Bf6 20. b4 Bc8 21. Bg2 Bf5 22. Be5 (22. Nxe4 $142 dxe4 23. Nh4) 22... Bxe5 (22... Nxc3 $1 $11 {keeps the balance.} 23. Rxc3 Bxe5 24. dxe5 Be4) 23. Nxe5 $16 f6 {[#] ...Nxc3 is the strong threat.} 24. Nf3 (24. Nxe4 $14 Bxe4 25. Bxe4 fxe5 26. Bg2 exd4 27. Qb3) 24... Nxc3 $11 25. Rxc3 {[%cal Rd4c5]} Qa4 26. Ra1 {[%cal Rd4c5]} c4 27. Nh4 Be6 $1 28. e4 {next exd5 is good for White.} Qd7 29. exd5 Bxd5 30. b5 Nc7 31. a4 (31. Bxd5+ $11 {remains equal.} Qxd5 32. a4) 31... Rac8 (31... g5 $17 32. Nf3 a6 33. bxa6 Rxa6) 32. Rac1 Ne8 33. Qc2 Bxg2 34. Nxg2 Qxd4 35. Nf4 {[#] And now Ne6 would win.} Qd2 36. Rxc4 Qxc2 37. R1xc2 Rxc4 38. Rxc4 {[%mdl 4096] Endgame KRN-KRN} g5 39. Ne2 Rd2 40. Kf1 Ra2 41. Rd4 Kf8 42. Nc3 Rc2 43. Nd5 Ra2 44. Ke1 Kf7 45. Re4 {Hoping for Re7+.} Kf8 46. h4 h6 47. h5 f5 48. Re6 Rxa4 49. Rxh6 Re4+ 50. Kf1 Re5 51. Nc3 {White wants to play Rg6.} Rc5 52. Rc6 Rxc6 $2 (52... Kf7 $11 {and Black stays safe.}) 53. bxc6 {KN-KN} Nc7 54. Ke2 Kg7 55. f3 g4 $2 (55... b5 56. Kd3 g4) 56. f4 $18 b5 57. Kd3 a5 58. Kd4 a4 59. Kc5 a3 60. Na2 Kh6 61. Kd6 Na8 62. c7 Nb6 63. Kc6 Nc8 64. Kd7 Nb6+ 65. Kd8 Kxh5 66. c8=Q Nxc8 67. Kxc8 {KN-KP} Kg6 68. Kd7 Kf7 69. Kd6 Kf6 70. Kd5 Ke7 71. Ke5 Kd7 72. Kxf5 Kd6 73. Kxg4 {KN-KPP} Kc5 74. f5 Kc4 75. f6 Kb3 76. f7 Kxa2 77. f8=Q Kb3 78. Qf3+ Kb2 79. Qe2+ Ka1 80. Qd1+ Kb2 81. Qd2+ Kb3 82. Qd5+ Ka4 83. Kf4 b4 84. Ke4 {Precision: White = 63%, Black = 43%.} 1-0